[Event "Mare di Fano op 5th"]
[Site "Fano"]
[Date "2016.08.05"]
[Round "8"]
[White "Rezzuti, Vincenzo"]
[Black "Lavorgna, Francesco"]
[Result "0-1"]
[WhiteElo "1937"]
[BlackElo "1887"]
[PlyCount "46"]
[EventDate "2016.07.30"]
[EventType "swiss"]
[EventRounds "9"]
[EventCountry "ITA"]
[SourceTitle "CBM 173 Extra"]
[Source "ChessBase"]
[SourceDate "2016.08.29"]
[SourceVersion "1"]
[SourceVersionDate "2016.08.29"]
[SourceQuality "1"]

1. e4 c6 2. d4 d5 3. exd5 cxd5 4. c4 Nf6 5. Nc3 e6 6. Nf3 Be7 7. c5 0-0 8. b4 b6 9. Bd3 Bb7 10. 0-0 Ne4 11. Qc2 Nxc3 12. Qxc3 a5 13. bxa5 bxc5 14. Rb1 Ba6 15. dxc5 Bxd3 16. Qxd3 Rxa5 17. Bf4 Nc6 18. Rfc1 Qd7 19. Rb5 Ne5 20. Nxe5 Qxb5 21. Qxb5 Rxb5 22. Nd7 Rc8 23. c6 Ba3 0-1

[Event "Mare di Fano op 5th"]
[Site "Fano"]
[Date "2016.08.04"]
[Round "7"]
[White "Liepold, Stefan"]
[Black "Rezzuti, Vincenzo"]
[Result "1-0"]
[WhiteElo "2236"]
[BlackElo "1937"]
[PlyCount "53"]
[EventDate "2016.07.30"]
[EventType "swiss"]
[EventRounds "9"]
[EventCountry "ITA"]
[SourceTitle "CBM 173 Extra"]
[Source "ChessBase"]
[SourceDate "2016.08.29"]
[SourceVersion "1"]
[SourceVersionDate "2016.08.29"]
[SourceQuality "1"]

1. e4 e5 2. Nf3 Nc6 3. Bb5 a6 4. Ba4 d6 5. 0-0 Bg4 6. h3 h5 7. Bxc6+ bxc6 8. d4 Qf6 9. Nbd2 Nh6 10. Re1 Bd7 11. dxe5 dxe5 12. Nc4 Bd6 13. Qd3 0-0 14. Bxh6 gxh6 15. Nxd6 cxd6 16. Rad1 d5 17. exd5 Bf5 18. Qe3 cxd5 19. Rxd5 Bxc2 20. Nxe5 Rfe8 21. Qd2 Bh7 22. Re3 Rad8 23. Nxf7 Kxf7 24. Rf3 Qxf3 25. gxf3 Rg8+ 26. Kh2 Rde8 27. Rd7+ 1-0

[Event "Mare di Fano op 5th"]
[Site "Fano"]
[Date "2016.07.30"]
[Round "1"]
[White "Priasmoro, Novendra"]
[Black "Rezzuti, Vincenzo"]
[Result "1-0"]
[WhiteElo "2309"]
[BlackElo "1937"]
[PlyCount "75"]
[EventDate "2016.07.30"]
[EventType "swiss"]
[EventRounds "9"]
[EventCountry "ITA"]
[SourceTitle "CBM 173 Extra"]
[Source "ChessBase"]
[SourceDate "2016.08.29"]
[SourceVersion "1"]
[SourceVersionDate "2016.08.29"]
[SourceQuality "1"]

1. e4 e5 2. Nf3 Nc6 3. Bb5 a6 4. Bxc6 dxc6 5. 0-0 Bg4 6. h3 h5 7. d3 Qf6 8. Be3 Ne7 9. Nbd2 Bxf3 10. Qxf3 Qxf3 11. Nxf3 Ng6 12. d4 Bd6 13. dxe5 Nxe5 14. Nxe5 Bxe5 15. f4 Bxb2 16. Rab1 Bc3 17. Rxb7 0-0-0 18. Ra7 Rh6 19. Ra8+ Kd7 20. Rd1+ Rd6 21. Rxd6+ cxd6 22. Ra7+ Ke8 23. Rxa6 Kd7 24. Ra3 Bf6 25. Ra7+ Ke6 26. Kf2 Rb8 27. f5+ Ke5 28. Kf3 Rb4 29. Ra8 d5 30. Bf4+ Kd4 31. e5 Bxe5 32. c3+ Kxc3 33. Bxe5+ Kc2 34. Rc8 Rc4 35. Bxg7 c5 36. a4 Kd3 37. a5 d4 38. a6 1-0